Score 0/20 Timer 01:30
1 Play Today
% Correct
duo
97.6%
trēs
96.4%
ūnus
96%
quattuor
91.1%
sex
89.2%
octō
88.4%
decem
86.9%
novem
86.7%
quīnque
83.4%
septem
82.2%
% Correct
tredecim
82%
quīndecim
80.7%
quattuordecim
80.3%
duodecim
79.7%
septendecim
77.9%
sēdecim
75.1%
ūndecim
74.3%
vīgintī
60.5%
ūndēvīgintī
56.5%
duodēvīgintī
45.7%

Today's Daily Dose

Remove Ads.
Support Sporcle.
Get the best of Sporcle when you Go Orange. This ad-free experience offers more features, more stats, and more fun while also helping to support Sporcle. Thank you for becoming a member.

You're not logged in!

Compare scores with friends on all Sporcle quizzes.
OR
Log In

Show Comments

Extras

Top Quizzes Today


Score Distribution

Your Account Isn't Verified!

In order to create a playlist on Sporcle, you need to verify the email address you used during registration. Go to your Sporcle Settings to finish the process.

Report this User

Report this user for behavior that violates our Community Guidelines.

Details: